Normal view
MARC view
- Pynchon, Thomas.
Entry Personal Name
001 - CONTROL NUMBER
- control field: 153655
003 - CONTROL NUMBER IDENTIFIER
- control field: TR-AnTOB
005 - DATE AND TIME OF LATEST TRANSACTION
- control field: 20260414134509.0
008 - FIXED-LENGTH DATA ELEMENTS
- fixed length control field: 260414n|eazannaab| |n aaa d
040 ## - CATALOGING SOURCE
- Original cataloging agency: TR-AnTOB
- Transcribing agency: TR-AnTOB
100 1# - HEADING--PERSONAL NAME
- Personal name: Pynchon, Thomas.
- Title of a work: Gravity's rainbow



